000 00360nam a2200133Ia 4500
008 151001s9999||||xx |||||||||||||| ||und||
100 _aवि के सिंह
245 _aश्रेष्ठ हिंदी निबंध
250 _a1
260 _bमित्तल एंड सन्स
260 _c2011
300 _a280
365 _b21
999 _c999469
_d999466